[Event "Guelph Summer Pro-Am"]
[Site "Guelph CAN"]
[Date "2012.06.24"]
[Round "4"]
[White "Luo, Zhao Yang"]
[Black "Zhang, Yuanchen"]
[Result "0-1"]
[WhiteElo "1991"]
[BlackElo "2005"]
[PlyCount "61"]
[GameId "2160767909509103"]
[EventDate "2012.06.22"]
[EventType "swiss"]
[EventRounds "5"]
[EventCountry "CAN"]
[SourceTitle "EXT 2022"]
[Source "ChessBase"]
[SourceDate "2021.10.06"]
[SourceVersion "1"]
[SourceVersionDate "2021.10.06"]
[SourceQuality "1"]

1. d4 Nf6 2. c4 g6 3. Nc3 Bg7 4. e4 d6 5. Nf3 O-O 6. Be2 e5 7. O-O Nc6 8. d5 Ne7 9. Ne1 Nd7 10. Be3 f5 11. f3 f4 12. Bf2 g5 13. Rc1 h5 14. c5 Nf6 15. cxd6 cxd6 16. Nb5 b6 17. Qc2 Ne8 18. Nc7 Rb8 19. Nxe8 Rxe8 20. Bb5 Bd7 21. Bxd7 Qxd7 22. Qc7 Red8 23. Qxd7 Rxd7 24. Nc2 Rbb7 25. Na3 Kf7 26. Rc2 a5 27. b4 Bf6 28. b5 Ng6 29. Rc6 Bd8 30. Nc4 Ne7 31. Rc8 0-1

[Event "Guelph Summer Pro-Am"]
[Site "Guelph CAN"]
[Date "2012.06.24"]
[Round "4"]
[White "Noritsyn, Nikolay"]
[Black "Calugar, Arthur"]
[Result "1/2-1/2"]
[WhiteElo "2661"]
[BlackElo "2399"]
[PlyCount "179"]
[GameId "2160767909509104"]
[EventDate "2012.06.22"]
[EventType "swiss"]
[EventRounds "5"]
[EventCountry "CAN"]
[SourceTitle "EXT 2022"]
[Source "ChessBase"]
[SourceDate "2021.10.06"]
[SourceVersion "1"]
[SourceVersionDate "2021.10.06"]
[SourceQuality "1"]

1. e4 c5 2. Nf3 e6 3. c3 d5 4. e5 Nc6 5. d4 Qb6 6. a3 Bd7 7. b4 cxd4 8. cxd4 Rc8 9. Be3 Nge7 10. Bd3 Nf5 11. Bxf5 exf5 12. O-O Be7 13. Nc3 Nxb4 14. Bd2 Nc6 15. Nxd5 Qd8 16. Nxe7 Nxe7 17. Bb4 Bc6 18. Bd6 Bd5 19. Ng5 Rc4 20. Qd3 Nc8 21. Qxf5 g6 22. Qf4 Nxd6 23. exd6 O-O 24. Qe5 Rc6 25. Qxd5 Rxd6 26. Qxb7 Qxg5 27. Qxa7 Rd5 28. a4 Ra5 29. Qb6 Rfa8 30. Qb4 Qd5 31. Ra3 Qd7 32. Rfa1 Rd5 33. Rd1 Rda5 34. Rda1 Rd5 35. a5 Rxd4 36. Qe1 Ra6 37. h3 Rd5 38. Rb3 Qd6 39. Re3 Kg7 40. Qc3+ Qf6 41. Qxf6+ Kxf6 42. Rea3 h5 43. h4 Rb5 44. g3 g5 45. hxg5+ Kxg5 46. Kg2 Rf5 47. Ra4 f6 48. R1a2 Kg6 49. R2a3 Re5 50. Kf3 Kg5 51. Ra2 Kf5 52. Kg2 Kg6 53. Kh3 Rf5 54. Kg2 Rc5 55. g4 hxg4 56. Rxg4+ Kf7 57. Rga4 Rf5 58. R2a3 Kg6 59. Kg3 Kf7 60. f3 Kg6 61. Kg4 Rg5+ 62. Kf4 Re5 63. Ra1 Kf7 64. Kg3 Rf5 65. f4 Rd5 66. R4a3 Kg6 67. Kf3 f5 68. Kg3 Rc5 69. R1a2 Rb5 70. Kh4 Kf6 71. Rc3 Rbxa5 72. Rxa5 Rxa5 73. Rc6+ Kf7 74. Kg5 Rb5 75. Rf6+ Kg7 76. Ra6 Kf7 77. Ra7+ Kf8 78. Kf6 Rb6+ 79. Kg5 Rb5 80. Rc7 Ra5 81. Rc6 Kf7 82. Rb6 Kg7 83. Rb7+ Kf8 84. Kg6 Ra6+ 85. Kxf5 Ra5+ 86. Kg6 Ra6+ 87. Kg5 Ra5+ 88. f5 Ra6 89. f6 Ra1 90. Kg6 1/2-1/2

[Event "Guelph Summer Pro-Am"]
[Site "Guelph CAN"]
[Date "2012.06.24"]
[Round "4"]
[White "Preotu, Razvan"]
[Black "Itkin, David"]
[Result "1-0"]
[WhiteElo "2262"]
[BlackElo "2212"]
[PlyCount "57"]
[GameId "2160767909509105"]
[EventDate "2012.06.22"]
[EventType "swiss"]
[EventRounds "5"]
[EventCountry "CAN"]
[SourceTitle "EXT 2022"]
[Source "ChessBase"]
[SourceDate "2021.10.06"]
[SourceVersion "1"]
[SourceVersionDate "2021.10.06"]
[SourceQuality "1"]

1. e4 c5 2. Nf3 d6 3. d4 cxd4 4. Nxd4 Nf6 5. Nc3 Nc6 6. Bg5 e6 7. Qd2 a6 8. f3 h6 9. Be3 Bd7 10. O-O-O b5 11. g4 Qc7 12. Bd3 Ne5 13. Kb1 b4 14. Nce2 d5 15. exd5 Nxd5 16. Nf4 Nxe3 17. Qxe3 Be7 18. h4 Nxd3 19. Nxd3 Rc8 20. g5 g6 21. Ne5 Bc6 22. Nxf7 Kxf7 23. Qxe6+ Kg7 24. h5 Be8 25. hxg6 Bxg6 26. gxh6+ Rxh6 27. Rxh6 Kxh6 28. Re1 Bg5 29. Ne2 1-0

[Event "Guelph Summer Pro-Am"]
[Site "Guelph CAN"]
[Date "2012.06.24"]
[Round "4"]
[White "Samsonkin, Artiom"]
[Black "Ochkoos, Jura"]
[Result "1-0"]
[WhiteElo "2550"]
[BlackElo "2314"]
[PlyCount "27"]
[GameId "2160767909509106"]
[EventDate "2012.06.22"]
[EventType "swiss"]
[EventRounds "5"]
[EventCountry "CAN"]
[SourceTitle "EXT 2022"]
[Source "ChessBase"]
[SourceDate "2021.10.06"]
[SourceVersion "1"]
[SourceVersionDate "2021.10.06"]
[SourceQuality "1"]

1. e4 e5 2. Nc3 Nf6 3. f4 d5 4. fxe5 Nxe4 5. Qf3 Nxc3 6. dxc3 Be7 7. Bf4 Be6 8. O-O-O Nd7 9. Ne2 c5 10. Bg3 Qa5 11. Kb1 h5 12. Nf4 Bg4 13. Qxd5 O-O-O 14. Be2 1-0

[Event "Guelph Summer Pro-Am"]
[Site "Guelph CAN"]
[Date "2012.06.24"]
[Round "5"]
[White "Calugar, Arthur"]
[Black "Preotu, Razvan"]
[Result "1/2-1/2"]
[WhiteElo "2399"]
[BlackElo "2262"]
[PlyCount "80"]
[GameId "2160767909509107"]
[EventDate "2012.06.22"]
[EventType "swiss"]
[EventRounds "5"]
[EventCountry "CAN"]
[SourceTitle "EXT 2022"]
[Source "ChessBase"]
[SourceDate "2021.10.06"]
[SourceVersion "1"]
[SourceVersionDate "2021.10.06"]
[SourceQuality "1"]

1. b3 e5 2. Bb2 Nc6 3. e3 Nf6 4. Nf3 e4 5. Nd4 Nxd4 6. Bxd4 d5 7. d3 c5 8. Bb2 exd3 9. Bxd3 Be7 10. O-O O-O 11. Nd2 Bg4 12. f3 Bh5 13. Qe1 Bg6 14. Bxg6 hxg6 15. e4 dxe4 16. fxe4 Qb6 17. e5 Nd5 18. Nc4 Qe6 19. a4 Rad8 20. Rf3 Nb4 21. Qf2 Nc6 22. Rf1 Nd4 23. Rd3 Nc6 24. Rh3 Rd7 25. Qf4 Nd4 26. Qf2 Nc6 27. Nd6 Bd8 28. Qf4 f5 29. g4 g5 30. Qf3 Nxe5 31. Bxe5 Qxe5 32. Nxf5 Bf6 33. Qg2 Qd5 34. Rhf3 Qd2 35. Qh3 Qxc2 36. Qh5 Rd1 37. Ne7+ Bxe7 38. Rxf8+ Bxf8 39. Qf7+ Kh7 40. Qh5+ Kg8 1/2-1/2

[Event "Guelph Summer Pro-Am"]
[Site "Guelph CAN"]
[Date "2012.06.24"]
[Round "5"]
[White "Itkin, David"]
[Black "Knox, Christopher"]
[Result "0-1"]
[WhiteElo "2212"]
[BlackElo "2056"]
[PlyCount "98"]
[GameId "2160767909509108"]
[EventDate "2012.06.22"]
[EventType "swiss"]
[EventRounds "5"]
[EventCountry "CAN"]
[SourceTitle "EXT 2022"]
[Source "ChessBase"]
[SourceDate "2021.10.06"]
[SourceVersion "1"]
[SourceVersionDate "2021.10.06"]
[SourceQuality "1"]

1. e4 c5 2. Nf3 Nc6 3. Nc3 g6 4. d4 cxd4 5. Nxd4 Bg7 6. Be3 Nf6 7. Bc4 Qa5 8. O-O O-O 9. Nb3 Qc7 10. f4 d6 11. Be2 a5 12. a4 Be6 13. Bf3 Nb4 14. Nd4 Qc8 15. h3 Bc4 16. Rf2 Rd8 17. Rd2 Bh6 18. Qe1 e5 19. Qh4 Kg7 20. g4 Bxf4 21. Bxf4 exf4 22. g5 Nd7 23. Qxf4 Ne5 24. Bg2 Nbc6 25. Qf6+ Kg8 26. Ndb5 Bxb5 27. Nxb5 Nd7 28. Qf4 Nde5 29. Rad1 Nc4 30. Rf2 Qd7 31. b3 N4e5 32. Rxd6 Qe7 33. Rxd8+ Rxd8 34. Nc3 Qe6 35. Nd5 Nd7 36. Bf1 Nce5 37. Rd2 Rc8 38. Bg2 Kg7 39. Rf2 Rc6 40. Qh4 Kg8 41. Qh6 Qe8 42. Bf1 Qf8 43. Qh4 Rxc2 44. Bb5 Qc5 45. Qf4 Rxf2 46. Qxf2 Qc1+ 47. Kh2 Qxg5 48. Ne3 Nc5 49. Nc4 Nxe4 0-1

[Event "Guelph Summer Pro-Am"]
[Site "Guelph CAN"]
[Date "2012.06.24"]
[Round "5"]
[White "Khayutin, Constantine"]
[Black "Zhang, Yuanchen"]
[Result "1-0"]
[WhiteElo "1943"]
[BlackElo "2005"]
[PlyCount "113"]
[GameId "2160767909509109"]
[EventDate "2012.06.22"]
[EventType "swiss"]
[EventRounds "5"]
[EventCountry "CAN"]
[SourceTitle "EXT 2022"]
[Source "ChessBase"]
[SourceDate "2021.10.06"]
[SourceVersion "1"]
[SourceVersionDate "2021.10.06"]
[SourceQuality "1"]

1. Nf3 Nf6 2. d4 e6 3. c4 b6 4. g3 Bb7 5. Bg2 Bb4+ 6. Bd2 Qe7 7. Nc3 O-O 8. O-O d6 9. a3 Bxc3 10. Bxc3 Ne4 11. Qc2 Nxc3 12. Qxc3 Nd7 13. b4 Rac8 14. b5 c5 15. Rfd1 Rfd8 16. a4 cxd4 17. Rxd4 Nc5 18. Rg4 f5 19. Rh4 Ne4 20. Qb4 Qf6 21. Rd1 g5 22. Rh5 Qg6 23. g4 fxg4 24. Nxg5 Nxg5 25. Rxg5 Qxg5 26. Bxb7 Qc5 27. Qxc5 Rxc5 28. Rd4 h5 29. Kg2 Kf7 30. Kg3 Ke7 31. f3 Rg8 32. f4 Rf8 33. Re4 Kf6 34. Rd4 Rd8 35. Kh4 Rf5 36. Kg3 e5 37. fxe5+ Rxe5 38. e4 Kg5 39. h4+ Kf6 40. Rd2 Ke7 41. a5 Rf8 42. axb6 axb6 43. Ra2 Rc5 44. Bd5 Rf3+ 45. Kg2 Rh3 46. Ra6 Rc7 47. Rxb6 Ra7 48. c5 Raa3 49. cxd6+ Kd7 50. e5 Rhg3+ 51. Kf2 Rgf3+ 52. Bxf3 Rxf3+ 53. Kg2 Ra3 54. Rb7+ Ke6 55. Re7+ Kf5 56. d7 Rd3 57. e6 1-0

[Event "Guelph Summer Pro-Am"]
[Site "Guelph CAN"]
[Date "2012.06.24"]
[Round "5"]
[White "Luo, Zhao Yang"]
[Black "Deline, Ralph"]
[Result "1-0"]
[WhiteElo "1991"]
[BlackElo "1841"]
[PlyCount "65"]
[GameId "2160767909509110"]
[EventDate "2012.06.22"]
[EventType "swiss"]
[EventRounds "5"]
[EventCountry "CAN"]
[SourceTitle "EXT 2022"]
[Source "ChessBase"]
[SourceDate "2021.10.06"]
[SourceVersion "1"]
[SourceVersionDate "2021.10.06"]
[SourceQuality "1"]

1. d4 e6 2. Nf3 d5 3. e3 c6 4. Bd3 f5 5. O-O Nf6 6. b3 Bd6 7. Bb2 O-O 8. c4 Bd7 9. Nc3 Qe7 10. Qe2 Be8 11. cxd5 cxd5 12. Bxf5 Bh5 13. Qc2 g6 14. Bh3 Bxf3 15. gxf3 Nh5 16. f4 Qh4 17. Bxe6+ Kg7 18. Na4 Rf6 19. Nc5 b6 20. Bc8 Nxf4 21. exf4 Qxf4 22. f3 a5 23. Rae1 Kg8 24. Nd3 Qg5+ 25. Qg2 Qh4 26. Ne5 a4 27. Qg4 Qxg4+ 28. fxg4 Rxf1+ 29. Rxf1 axb3 30. axb3 Ra7 31. Bc1 Re7 32. Bh6 Re8 33. Bb7 1-0

[Event "Guelph Summer Pro-Am"]
[Site "Guelph CAN"]
[Date "2012.06.24"]
[Round "5"]
[White "Noritsyn, Nikolay"]
[Black "Gerzhoy, Leonid"]
[Result "1/2-1/2"]
[WhiteElo "2661"]
[BlackElo "2592"]
[PlyCount "92"]
[GameId "2160767909509111"]
[EventDate "2012.06.22"]
[EventType "swiss"]
[EventRounds "5"]
[EventCountry "CAN"]
[SourceTitle "EXT 2022"]
[Source "ChessBase"]
[SourceDate "2021.10.06"]
[SourceVersion "1"]
[SourceVersionDate "2021.10.06"]
[SourceQuality "1"]

1. b3 e5 2. Bb2 Nc6 3. e3 Nf6 4. Nf3 e4 5. Nd4 Bc5 6. Nxc6 dxc6 7. d4 exd3 8. Bxd3 O-O 9. O-O Bd6 10. Nd2 Re8 11. h3 Be5 12. Bxe5 Rxe5 13. e4 Re8 14. Qe2 a5 15. Rad1 Nd5 16. Qf3 Nc3 17. Ra1 a4 18. Rfe1 Be6 19. e5 Qd4 20. Qh5 g6 21. Qh6 Bd5 22. bxa4 Rxe5 23. Nb3 Bxb3 24. axb3 Rae8 25. Kf1 Nd5 26. Qd2 Nf4 27. Red1 Rd8 28. h4 Rd6 29. Re1 Rde6 30. Red1 Rd6 31. Re1 Nxd3 32. cxd3 Rxe1+ 33. Rxe1 Qxh4 34. Kg1 Rd8 35. Re3 Qd4 36. g3 c5 37. Qc2 b6 38. Qd2 h5 39. Qe2 h4 40. gxh4 Qxh4 41. Re8+ Rxe8 42. Qxe8+ Kg7 43. Qe5+ Kg8 44. Qxc7 Qg4+ 45. Kh2 Qh5+ 46. Kg3 Qg5+ 1/2-1/2

[Event "Guelph Summer Pro-Am"]
[Site "Guelph CAN"]
[Date "2012.06.24"]
[Round "5"]
[White "Ochkoos, Jura"]
[Black "Ivanov, Mike"]
[Result "0-1"]
[WhiteElo "2314"]
[BlackElo "2236"]
[PlyCount "84"]
[GameId "2160767909509112"]
[EventDate "2012.06.22"]
[EventType "swiss"]
[EventRounds "5"]
[EventCountry "CAN"]
[SourceTitle "EXT 2022"]
[Source "ChessBase"]
[SourceDate "2021.10.06"]
[SourceVersion "1"]
[SourceVersionDate "2021.10.06"]
[SourceQuality "1"]

1. e4 e6 2. d4 d5 3. e5 c5 4. c3 Nc6 5. Nf3 Qb6 6. a3 c4 7. Nbd2 Na5 8. h4 Bd7 9. g3 Ne7 10. h5 h6 11. Nh4 Nc8 12. Bh3 Be7 13. Ng2 Qc6 14. Ne3 Nb6 15. O-O O-O-O 16. f4 g6 17. Kh2 Rdg8 18. Qe2 Rg7 19. Nf3 Kb8 20. Rb1 Nb3 21. Bd2 Qc8 22. Be1 Qe8 23. Nd2 Rhg8 24. Nf3 gxh5 25. Ng2 f5 26. exf6 Bxf6 27. Ne5 h4 28. Nxh4 Bc8 29. Nhf3 h5 30. Bf2 Qf8 31. Rg1 Be7 32. Be3 Qf6 33. Rbf1 Nd7 34. Nh4 Rxg3 35. Rxg3 Rxg3 36. Kxg3 Qxh4+ 37. Kh2 Nxe5 38. fxe5 Bd7 39. Bf4 Bg5 40. Qf2 Qxf2+ 41. Rxf2 Bxf4+ 42. Rxf4 Nd2 0-1

[Event "Guelph Summer Pro-Am"]
[Site "Guelph CAN"]
[Date "2012.06.24"]
[Round "5"]
[White "Peng, Jackie"]
[Black "Dougherty, Michael"]
[Result "1-0"]
[WhiteElo "2085"]
[BlackElo "2293"]
[PlyCount "101"]
[GameId "2160767909509113"]
[EventDate "2012.06.22"]
[EventType "swiss"]
[EventRounds "5"]
[EventCountry "CAN"]
[SourceTitle "EXT 2022"]
[Source "ChessBase"]
[SourceDate "2021.10.06"]
[SourceVersion "1"]
[SourceVersionDate "2021.10.06"]
[SourceQuality "1"]

1. e4 c6 2. d4 d5 3. Nc3 dxe4 4. Nxe4 Bf5 5. Ng3 Bg6 6. h4 h6 7. Nf3 Nd7 8. h5 Bh7 9. Bd3 Bxd3 10. Qxd3 Ngf6 11. Bd2 e6 12. Ne4 Nxe4 13. Qxe4 Nf6 14. Qe2 Qd5 15. c4 Qe4 16. Qxe4 Nxe4 17. Bf4 Bb4+ 18. Ke2 O-O-O 19. Rad1 f6 20. Be3 Rd7 21. Kd3 Ng5 22. Nxg5 hxg5 23. a3 Bd6 24. g4 a5 25. Kc2 a4 26. Rhe1 Rhd8 27. Bd2 Re8 28. Bc3 b5 29. d5 cxd5 30. Rxd5 bxc4 31. Ra5 Kb7 32. Rxa4 Rc7 33. Re4 e5 34. Raxc4 Bc5 35. f3 Rec8 36. Kb1 Rd8 37. b4 Bf2 38. Rxc7+ Kxc7 39. Kc2 Kb6 40. a4 Rd7 41. Rc4 Ra7 42. Kb3 Rd7 43. b5 Rd3 44. Kb4 Rxf3 45. a5+ Kb7 46. a6+ Kb8 47. Ka5 Rxc3 48. Rxc3 Be1 49. Kb4 f5 50. gxf5 g4 51. h6 1-0

[Event "Guelph Summer Pro-Am"]
[Site "Guelph CAN"]
[Date "2012.06.24"]
[Round "5"]
[White "Sambuev, Bator"]
[Black "Samsonkin, Artiom"]
[Result "1-0"]
[WhiteElo "2700"]
[BlackElo "2550"]
[PlyCount "65"]
[GameId "2160767909509114"]
[EventDate "2012.06.22"]
[EventType "swiss"]
[EventRounds "5"]
[EventCountry "CAN"]
[SourceTitle "EXT 2022"]
[Source "ChessBase"]
[SourceDate "2021.10.06"]
[SourceVersion "1"]
[SourceVersionDate "2021.10.06"]
[SourceQuality "1"]

1. d4 Nf6 2. Nf3 g6 3. Bg5 Bg7 4. Nbd2 d6 5. e4 h6 6. Bh4 g5 7. Bg3 Nh5 8. c3 c5 9. dxc5 Nxg3 10. hxg3 dxc5 11. Bb5+ Nc6 12. Nc4 Bd7 13. Qe2 a6 14. Bxc6 Bxc6 15. Nfe5 Qc7 16. Nxc6 Qxc6 17. a4 b5 18. Ne3 b4 19. Qc4 bxc3 20. bxc3 e6 21. f4 Rd8 22. O-O h5 23. Rad1 Rxd1 24. Rxd1 h4 25. fxg5 hxg3 26. Ng4 Qb6 27. e5 Ke7 28. a5 Qxa5 29. g6 fxg6 30. Qf4 Rh5 31. Qe4 Kf7 32. Qb7+ Kf8 33. Nf6 1-0

[Event "Guelph Summer Pro-Am"]
[Site "Guelph CAN"]
[Date "2012.06.24"]
[Round "5"]
[White "Song, Guannan Terry"]
[Black "Plotkin, Mark"]
[Result "1-0"]
[WhiteElo "1983"]
[BlackElo "2011"]
[PlyCount "59"]
[GameId "2160767909509115"]
[EventDate "2012.06.22"]
[EventType "swiss"]
[EventRounds "5"]
[EventCountry "CAN"]
[SourceTitle "EXT 2022"]
[Source "ChessBase"]
[SourceDate "2021.10.06"]
[SourceVersion "1"]
[SourceVersionDate "2021.10.06"]
[SourceQuality "1"]

1. d4 Nf6 2. Bg5 d5 3. Bxf6 exf6 4. e3 c5 5. Nf3 Nc6 6. Nc3 Be6 7. Bb5 a6 8. Bxc6+ bxc6 9. O-O cxd4 10. exd4 Bd6 11. Na4 O-O 12. Nc5 Bg4 13. h3 Bh5 14. Nb7 Bh2+ 15. Nxh2 Qb6 16. Qxh5 Qxb7 17. b3 Rfe8 18. Rae1 Qb4 19. Qd1 Qa3 20. Rxe8+ Rxe8 21. Re1 Re6 22. Rxe6 fxe6 23. Qe2 Qc1+ 24. Nf1 Kf7 25. a4 g6 26. a5 g5 27. Qxa6 Qxc2 28. Qb7+ Kg6 29. a6 g4 30. hxg4 1-0

[Event "Guelph Summer Pro-Am"]
[Site "Guelph CAN"]
[Date "2012.06.24"]
[Round "5"]
[White "Zhang, Yuanchen"]
[Black "Khayutin, Constantine"]
[Result "0-1"]
[WhiteElo "2005"]
[BlackElo "1943"]
[PlyCount "60"]
[GameId "2160767909509116"]
[EventDate "2012.06.22"]
[EventType "swiss"]
[EventRounds "5"]
[EventCountry "CAN"]
[SourceTitle "EXT 2022"]
[Source "ChessBase"]
[SourceDate "2021.10.06"]
[SourceVersion "1"]
[SourceVersionDate "2021.10.06"]
[SourceQuality "1"]

1. d4 Nf6 2. c4 e6 3. Nc3 Bb4 4. e3 O-O 5. Bd3 c5 6. Nf3 d5 7. O-O dxc4 8. Bxc4 cxd4 9. exd4 a6 10. Qe2 b5 11. Bd3 Bb7 12. Rd1 Nc6 13. Bg5 Be7 14. Rac1 Nb4 15. Bb1 Rc8 16. a3 Nbd5 17. Qd3 g6 18. Ne5 Nxc3 19. Rxc3 Rxc3 20. bxc3 Nd5 21. Bh6 Re8 22. Qf3 Bf6 23. Rc1 Qe7 24. Be4 Bg7 25. Bxg7 Kxg7 26. c4 bxc4 27. Rxc4 f6 28. Nc6 Qc7 29. Ne5 Qd6 30. Qb3 Rb8 0-1

[Event "Guelph Winter Pro-Am"]
[Site "Guelph CAN"]
[Date "2012.02.10"]
[Round "1"]
[White "Birarov, Vladimir"]
[Black "Song, Guannan Terry"]
[Result "1-0"]
[WhiteElo "2242"]
[BlackElo "1930"]
[PlyCount "99"]
[GameId "2160767909576516"]
[EventDate "2012.02.10"]
[EventType "swiss"]
[EventRounds "5"]
[EventCountry "CAN"]
[SourceTitle "EXT 2022"]
[Source "ChessBase"]
[SourceDate "2021.10.06"]
[SourceVersion "1"]
[SourceVersionDate "2021.10.06"]
[SourceQuality "1"]

1. d4 Nf6 2. c4 c5 3. d5 b5 4. cxb5 a6 5. bxa6 g6 6. g3 d6 7. Bg2 Bg7 8. Nf3 O-O 9. O-O Nxa6 10. Nc3 Qa5 11. a3 c4 12. Nd2 Qc5 13. Qa4 Nd7 14. Qxc4 Nb6 15. Qh4 Bf6 16. Nde4 Bxh4 17. Nxc5 Nxc5 18. gxh4 Nb3 19. Bh6 Nxa1 20. Bxf8 Kxf8 21. Rxa1 Nc4 22. Ra2 Bd7 23. Kf1 Ke8 24. Ke1 Rc8 25. b4 Kd8 26. Be4 f5 27. Bd3 e5 28. dxe6 Bxe6 29. Ra1 Kc7 30. a4 Kb8 31. Nb5 d5 32. Nd4 Bd7 33. h5 Rc7 34. a5 Rb7 35. Rb1 Na3 36. Rb3 Nb5 37. Nxb5 Bxb5 38. Bxb5 Rxb5 39. hxg6 hxg6 40. Kd2 Kb7 41. Kc3 g5 42. Kd4 Kc6 43. Ke5 f4 44. Kf5 d4+ 45. Ke4 Kd6 46. Kxd4 g4 47. Ke4 Rh5 48. b5 Rxh2 49. b6 g3 50. b7 1-0

[Event "Guelph Winter Pro-Am"]
[Site "Guelph CAN"]
[Date "2012.02.10"]
[Round "1"]
[White "Cormier, Adam"]
[Black "Samsonkin, Artiom"]
[Result "0-1"]
[WhiteElo "2085"]
[BlackElo "2550"]
[PlyCount "104"]
[GameId "2160767909576517"]
[EventDate "2012.02.10"]
[EventType "swiss"]
[EventRounds "5"]
[EventCountry "CAN"]
[SourceTitle "EXT 2022"]
[Source "ChessBase"]
[SourceDate "2021.10.06"]
[SourceVersion "1"]
[SourceVersionDate "2021.10.06"]
[SourceQuality "1"]

1. d4 Nf6 2. Nf3 e6 3. c4 b6 4. e3 Bb7 5. Bd3 Bb4+ 6. Nbd2 O-O 7. O-O c5 8. a3 Bxd2 9. Nxd2 Nc6 10. dxc5 bxc5 11. Ne4 Nxe4 12. Bxe4 Qc7 13. b3 f5 14. Bc2 Rad8 15. Bb2 a5 16. Bc3 d5 17. cxd5 exd5 18. Qh5 d4 19. Bxf5 Rxf5 20. Qxf5 dxc3 21. Qxc5 Qe5 22. Qc4+ Kh8 23. Rac1 Qg5 24. Qf4 Qxf4 25. exf4 Nd4 26. Kh1 Ne2 27. Rc2 Ba6 28. Re1 Rc8 29. Rd1 h6 30. Rd6 Bb7 31. f3 Nxf4 32. Rd4 Nd5 33. Rc4 Re8 34. Re4 Rb8 35. Rd4 Bc6 36. b4 axb4 37. axb4 Ba4 38. Rc1 Nxb4 39. Rxc3 Na2 40. Rc1 Nxc1 41. Rxa4 Rb1 42. h3 Nd3+ 43. Kh2 Rb2 44. h4 Ne1 45. Rg4 Nxf3+ 46. Kg3 Ne5 47. Re4 Rb3+ 48. Kf4 Nd3+ 49. Kf5 Rb5+ 50. Kg6 Rb6+ 51. Kh5 Kh7 52. g4 g6# 0-1

[Event "Guelph Winter Pro-Am"]
[Site "Guelph CAN"]
[Date "2012.02.10"]
[Round "1"]
[White "Noritsyn, Nikolay"]
[Black "Itkin, David"]
[Result "1-0"]
[WhiteElo "2639"]
[BlackElo "2141"]
[PlyCount "85"]
[GameId "2160767909576518"]
[EventDate "2012.02.10"]
[EventType "swiss"]
[EventRounds "5"]
[EventCountry "CAN"]
[SourceTitle "EXT 2022"]
[Source "ChessBase"]
[SourceDate "2021.10.06"]
[SourceVersion "1"]
[SourceVersionDate "2021.10.06"]
[SourceQuality "1"]

1. e4 c5 2. Nf3 d6 3. c3 Nf6 4. h3 Nbd7 5. Bd3 b6 6. Qe2 e6 7. Bc2 Be7 8. O-O Bb7 9. d4 O-O 10. Rd1 Rc8 11. dxc5 bxc5 12. Na3 Qc7 13. Bf4 Qc6 14. Nb5 Ba6 15. c4 Bxb5 16. cxb5 Qb6 17. a4 c4 18. Nd4 d5 19. a5 Qb7 20. exd5 Nxd5 21. Bg3 N7f6 22. Ba4 c3 23. Nc6 cxb2 24. Nxe7+ Qxe7 25. Qxb2 Ne4 26. Be5 Qg5 27. Re1 Nc5 28. Ra3 f6 29. Bg3 Kh8 30. Bd1 e5 31. Bg4 Rcd8 32. Qc2 Nd7 33. Bf3 Nf4 34. Ra4 Nc5 35. Bxf4 exf4 36. h4 Qxh4 37. Qxc5 Rfe8 38. Raa1 h6 39. Qxa7 Qg5 40. Rxe8+ Rxe8 41. Qd7 Qe5 42. Rd1 Rb8 43. a6 1-0

[Event "Guelph Winter Pro-Am"]
[Site "Guelph CAN"]
[Date "2012.02.10"]
[Round "1"]
[White "Orso, Miklos"]
[Black "Chernik, Dmitry"]
[Result "1-0"]
[WhiteElo "2356"]
[BlackElo "2022"]
[PlyCount "77"]
[GameId "2160767909576519"]
[EventDate "2012.02.10"]
[EventType "swiss"]
[EventRounds "5"]
[EventCountry "CAN"]
[SourceTitle "EXT 2022"]
[Source "ChessBase"]
[SourceDate "2021.10.06"]
[SourceVersion "1"]
[SourceVersionDate "2021.10.06"]
[SourceQuality "1"]

1. d4 Nf6 2. Nf3 g6 3. Bg5 Bg7 4. Nbd2 d5 5. e3 O-O 6. Bd3 b6 7. c3 a5 8. O-O Bb7 9. Qb1 Ba6 10. a4 c5 11. Ne5 Bxd3 12. Qxd3 c4 13. Qe2 Nfd7 14. Nxd7 Qxd7 15. e4 e6 16. e5 f6 17. exf6 Bxf6 18. Nf3 Nc6 19. Rfe1 Rae8 20. Qd2 Bxg5 21. Qxg5 Rf5 22. Qg3 Qe7 23. h3 Ref8 24. Re2 Nd8 25. Re3 Kg7 26. Qb8 R8f6 27. Qxb6 e5 28. Qxa5 e4 29. Qxd5 Rd6 30. Ne5 Qg5 31. Qxc4 Rxf2 32. Kxf2 Rf6+ 33. Ke2 Qxg2+ 34. Kd1 Rf2 35. Re2 e3 36. Qc7+ Kh6 37. Ng4+ Kh5 38. Qxh7+ Kg5 39. Qh6+ 1-0

[Event "Guelph Winter Pro-Am"]
[Site "Guelph CAN"]
[Date "2012.02.10"]
[Round "1"]
[White "Preotu, Razvan"]
[Black "Sambuev, Bator"]
[Result "0-1"]
[WhiteElo "2206"]
[BlackElo "2692"]
[PlyCount "64"]
[GameId "2160767909576520"]
[EventDate "2012.02.10"]
[EventType "swiss"]
[EventRounds "5"]
[EventCountry "CAN"]
[SourceTitle "EXT 2022"]
[Source "ChessBase"]
[SourceDate "2021.10.06"]
[SourceVersion "1"]
[SourceVersionDate "2021.10.06"]
[SourceQuality "1"]

1. e4 e6 2. d4 d5 3. Nd2 c5 4. exd5 exd5 5. Ngf3 Nf6 6. Bb5+ Bd7 7. Qe2+ Be7 8. dxc5 O-O 9. Nb3 Re8 10. Bxd7 Nbxd7 11. O-O Nxc5 12. Nxc5 Bxc5 13. Qb5 Ne4 14. Be3 d4 15. Bf4 a6 16. Qd3 Qd5 17. Rfe1 Rad8 18. Rad1 h6 19. a3 b5 20. Nd2 f5 21. Nb3 Bb6 22. f3 Nf6 23. Rxe8+ Rxe8 24. Kf1 Nh5 25. Bc1 Qe5 26. g3 f4 27. g4 Nf6 28. Nxd4 Bxd4 29. Qxd4 Qe2+ 30. Kg1 Qxf3 31. Bxf4 Qxg4+ 32. Bg3 Re1+ 0-1

[Event "Guelph Winter Pro-Am"]
[Site "Guelph CAN"]
[Date "2012.02.10"]
[Round "1"]
[White "Sapozhnikov, Roman"]
[Black "Pelekekae, Oanthata"]
[Result "1-0"]
[WhiteElo "2514"]
[BlackElo "2033"]
[PlyCount "111"]
[GameId "2160767909576521"]
[EventDate "2012.02.10"]
[EventType "swiss"]
[EventRounds "5"]
[EventCountry "CAN"]
[SourceTitle "EXT 2022"]
[Source "ChessBase"]
[SourceDate "2021.10.06"]
[SourceVersion "1"]
[SourceVersionDate "2021.10.06"]
[SourceQuality "1"]

1. e4 c5 2. Nf3 d6 3. d4 cxd4 4. Nxd4 Nf6 5. Nc3 a6 6. Be3 Qc7 7. f3 e6 8. Qd2 Be7 9. O-O-O O-O 10. g4 Nc6 11. h4 b5 12. h5 b4 13. Nce2 Ne5 14. Ng3 d5 15. g5 Nfd7 16. exd5 Nxf3 17. Nxf3 Qxg3 18. Bf4 Qxf3 19. Bg2 Qg4 20. d6 Bxg5 21. Bxg5 Rb8 22. Rdg1 Qc4 23. b3 Qc3 24. Qxc3 bxc3 25. Be7 Re8 26. Rh3 Rb5 27. Rxc3 Rc5 28. Rxc5 Nxc5 29. b4 Nd7 30. Bc6 f5 31. c4 Kf7 32. c5 Rg8 33. Kc2 Ne5 34. Ba4 Bd7 35. Bxd7 Nxd7 36. c6 Ne5 37. c7 Ra8 38. a4 g6 39. hxg6+ hxg6 40. Rh1 Kg7 41. Kb3 Nd7 42. Rc1 Rc8 43. a5 e5 44. b5 axb5 45. Kb4 f4 46. Kxb5 e4 47. Kc6 Ne5+ 48. Kb7 Rh8 49. c8=Q Rxc8 50. Kxc8 e3 51. d7 Nxd7 52. Kxd7 f3 53. Bc5 e2 54. a6 g5 55. a7 g4 56. a8=Q 1-0